000 00459nam a2200181Ia 4500
008 230524s9999 xx 000 0 und d
020 _a9788131700907
082 _a658.43
_bSHA
100 _aJames F.Shackelford
245 0 _aMaterials Science For Engineers
250 _a6TH
260 _aNEW DELHI
_bPearson
_c2007
300 _aXI;761
500 _aQuantity Number: 6
650 _aChemistry
700 _a Madanapalli K.Muralidhara
942 _cBK
999 _c44301
_d44301